| 000 | 00247nam a22001097a 4500 | ||
|---|---|---|---|
| 999 |
_c32271 _d32271 |
||
| 003 | Nust | ||
| 005 | 20170116152840.0 | ||
| 008 | 170116b xxu||||| |||| 00| 0 eng d | ||
| 040 | _cc | ||
| 082 | _a621.4021 | ||
| 100 | _aCengel | ||
| 245 | _aPROPERTY TABLE OF THERMODYNAMICS | ||
| 260 |
_aNew York: _bMcGraw-Hill; _c2006. |
||
| 300 | _a877-920p. ; | ||
| 500 | _apapeback. | ||
| 942 |
_cBK _2ddc |
||